| 000 | 00457nam a2200193Ia 4500 | ||
|---|---|---|---|
| 005 | 20230323142142.0 | ||
| 008 | 131103s9999 xx 000 0 und d | ||
| 020 | _cRs.3.50 | ||
| 040 | _aLoreto College | ||
| 041 | _aEnglish | ||
| 082 |
_a891.442 _bGUP |
||
| 100 | _aGupta, Debnarayan | ||
| 245 |
_aSeema _cDebnarayan Gupta |
||
| 260 |
_aKolkata _bBac- sahayta _c1971 |
||
| 300 | _a96p. | ||
| 650 | _aBengali drama | ||
| 850 | _aLCLIB | ||
| 942 | _cBK | ||
| 999 |
_c21206 _d71685 |
||